Science Quiz

Random Science Quiz

Disease inheritence: FA 2017 Quiz Stats

 Plays Quiz not verified by Sporcle

Also try: Label the Flower
Challenge
Share
Tweet
Embed
Score 0/42 Timer 10:00
0 Plays Today
Hint Answer % Correct
AchondroplasiaAD
100%
ADPKDAD
100%
FAPAD
100%
Familial hypercholesterolemiaAD
100%
Hereditary Hemorrhagic Telangiectasia (Osler-Weber)AD
100%
Hereditary SpherocytosisAD
100%
HungtingtonAD
100%
Li-FraumeniAD
100%
MarfanAD
100%
MENAD
100%
NF1AD
100%
NF2AD
100%
Tuberous SclerosisAD
100%
VHLAD
100%
AlbinismAR
100%
ARPKDAR
100%
Cystic fibrosisAR
100%
Glycogen storage diseaseAR
100%
HemochromatosisAR
100%
KaratagenerAR
100%
Mucopolysaccharidoses (Hurler)AR
100%
Hint Answer % Correct
PKUAR
100%
Sickle cellAR
100%
Sphingolipidoses (except Fabry)AR
100%
ThalassemiaAR
100%
WilsonAR
100%
Ornithine TranscarbamylaseXR
87.5%
Fabry diseaseXR
87.5%
Wiskott AldrichXR
87.5%
G6PD DefXR
87.5%
Hunter syndromeXR
87.5%
Bruton agammaglobulinemiaXR
87.5%
Hemophilia A/BXR
87.5%
Lesch-Nyhan syndromeXR
87.5%
Duchenne and BeckerXR
87.5%
Hypophosphatemic ricketsXD
87.5%
Fragile xXD
87.5%
AlportXD
87.5%
Ocular AlbinismXR
75%
MELASMito
75%
MERRFMito
75%
Leber Optic NeuropathyMito
75%

You're not logged in!

Compare scores with friends on all Sporcle quizzes.
OR
Log In

You Might Also Like...

Show Comments

Extras

Created Jun 7, 2017ReportNominate
Tags:2017, disease

Top Quizzes Today


Score Distribution

Your Account Isn't Verified!

In order to create a playlist on Sporcle, you need to verify the email address you used during registration. Go to your Sporcle Settings to finish the process.

Report this User

Report this user for behavior that violates our Community Guidelines.

Details: